UK Geese by Picture - Statistics

General Stats
  • This quiz has been taken 48 times
  • The average score is 7 of 10
Answer Stats
Picture Answer % Correct
Canada goose
100%
Greylag goose
97%
Barnacle goose
81%
Egyptian goose
78%
Brent goose
72%
Pink-footed goose
72%
White-fronted goose
69%
Snow goose
63%
Tundra bean goose
41%
Taiga bean goose
38%
No matching quizzes found
Score Distribution
Percent of People with Each Score
Percentile by Number Answered
Your Score History
You have not taken this quiz